00993nam a22002297a 450000500170000000700150001700800410003202000220007303500100009504000090010510000180011424501280013225600240026026000370028430000280032150602700034965000220061970000240064170000190066574000380068485600410072220240305165631.0cr|||| |||||220427s2021 br |||||s|||| 00||0 por d a978-65-5515-286-9 a36236 avLex1 aSatin, Helder10aManual completo de informática para concursosh[Recurso electrónico] /cHelder Satin, André Fioravanti, Wander Garcia aServicio en línea aIndaiatuba:bEditora Foco,c2021 a1 recurso electrónico1 aDisponible solo en los productos indicadosdvLex GlobaldvLex Global (Academic Edition, excluding Law Schools)dvLex Global (U.S. Academic Edition, Law Schools)dvLex Global (U.S. Academic Edition, excluding Law Schools)dvLex Global (Academic Edition, Law Schools)04aConcursoszBrasil1 aFioravanti, André1 aGarcia, Wander0 avLex Libros (Servicio en línea)40uhttps://app.vlex.com/#/sources/36236